000 00646nam a2200205Ii 4500
001 9042
003 CO-ViMGA
008 241108s9999||||xx |||||||||||||| ||und||
040 _aCO-ViMGA
_bspa
_erda
_cCO-ViMGA
041 0 _aspa
082 0 4 _a291.177 V144c
100 1 _aCarlos Valderrama Andrade
_945519
245 1 0 _aUn capitulo de las relaciones entre el estado y la iglesia en colombia
264 1 _aBogotá, Colombia : Instituto Caro y Cuervo, 1986
300 _avolumen
336 _atext
_btxt
_2rdacontent
337 _aunmediated
_bn
_2rdamedia
338 _avolume
_bnc
_2rdacarrier
940 _aidficha_siabuc: 8841. -- ficha_no_siabuc:9042
999 _c40043
_d40043